Great Literature #14 - Statistics

General Stats
  • This quiz has been taken 295 times
    261 since last reset
  • The average score is 11 of 20
Answer Stats
Hint Explanation Answer % Correct
Twenty Thousand Leagues Under the Seas 1869-1870, published serially (Vingt mille lieues sous les mers) Jules Verne
94%
The Pickwick Papers 1836-1837, published serially (The Posthumous Papers of the Pickwick Club, Containing a Faithful Record of the Perambulations, Perils, Travels, Adventures and Sporting Transactions of the Corresponding Members) Charles Dickens
83%
The Plague 1947 (La Peste) Albert Camus
80%
The Strange Case of Dr. Jekyll and Mr. Hyde 1886 Robert Louis Stevenson
75%
Three Essays on the Theory of Sexuality 1905 Sigmund Freud
75%
The Federalist Papers 1788 Alexander Hamilton, James Madison, John Jay
73%
Wild Swans: Three Daughters of China 1991 Jung Chang
68%
The Sign of the Four 1890 Arthur Conan Doyle
65%
Beyond Good and Evil 1886 Friedrich Nietzsche
57%
The Bonfire of the Vanities 1987 Tom Wolfe
57%
The House of the Spirits 1982 (La casa de los espíritus) Isabel Allende
55%
The Wind-Up Bird Chronicle 1994-1995 (ねじまき鳥クロニクル) Haruki Murakami
45%
The Sea, the Sea 1978 Iris Murdoch
43%
The _______ Lectures on Physics 1964 Richard P. Feynman
43%
The Princess of Cleves 1678 (La Princesse de Clèves) Madame de La Fayette
42%
The History of the Decline and Fall of the Roman Empire 1776-1789 (six volumes, published serially) Edward Gibbon
41%
The Seven Pillars of Wisdom 1926 T. E. Lawrence
34%
On Divination in Sleep 4th century BCE (Περὶ τῆς καθ᾽ ὕπνον μαντικῆς) Aristotle
25%
The Golden Bough 1890 James George Frazer
20%
A Study of History 1934-1961 (twelve volumes, published serially) Arnold J. Toynbee
16%
No matching quizzes found
Score Distribution
Percent of People with Each Score
Percentile by Number Answered
Your Score History
You have not taken this quiz since the last reset